[Event "Staatsliga B - Ost 2002/03"]
[Site "Wien, Austria-Center"]
[Date "2002.11.23"]
[Round "4"]
[Board "3"]
[White "Neulinger, Manfred"]
[Black "Hangweyrer, Manfred"]
[Result "1/2-1/2"]
[WhiteElo "2384"]
[BlackElo "2315"]
[PlyCount "67"]

1.e4 d6 2.d4 Nf6 3.Nc3 Nbd7 4.Nf3 e5 5.Bc4 Be7 6.O-O O-O 7.Qe2 c6 8.a4 Qc7 9.h3
h6 10.Ba2 a5 11.Be3 b6 12.Rfd1 Ba6 13.Bc4 Bxc4 14.Qxc4 Rac8 15.Nh4 Rfe8 16.Nf5
Bf8 17.f3 exd4 18.Bxd4 d5 19.exd5 Qf4 20.Qd3 Ne5 21.Bxe5 Rxe5 22.Nd4 Bc5 23.dxc6
Rd8 24.Ncb5 Nd5 25.c3 Qg3 26.Kh1 Nf4 27.Qf1 Rde8 28.c7 Nxh3 29.gxh3 Rh5 30.Qg2
Rxh3+ 31.Kg1 Qh4 32.b4 axb4 33.cxb4 Bxd4+ 34.Rxd4

[Event "Staatsliga B - Ost 2002/03"]
[Site "Wien, Austria-Center"]
[Date "2002.11.23"]
[Round "4"]
[Board "4"]
[White "Stanivukovic, Drago"]
[Black "Schroll, Gerhard"]
[Result "0-1"]
[WhiteElo "2196"]
[BlackElo "2381"]
[PlyCount "134"]

1.d4 f5 2.g3 Nf6 3.Bg2 g6 4.Nf3 Bg7 5.O-O O-O 6.c4 d6 7.d5 Na6 8.Nd4 Qe8 9.Nc3
Bd7 10.Re1 c6 11.e4 fxe4 12.Nxe4 Nxe4 13.Rxe4 Nc5 14.Rf4 Rxf4 15.Bxf4 e5 16.dxe6
Nxe6 17.Nxe6 Bxe6 18.Bxd6 Bxc4 19.Qc2 Qe6 20.Bh3 Qxd6 21.Qxc4+ Kh8 22.Qb3 Rf8
23.Rf1 Qd2 24.f4 Re8 25.Bg4 h5 26.Bd1 Re1 27.Qf3 Bd4+ 28.Kh1 Re3 29.Qg2 Qxg2+
30.Kxg2 Rd3 31.Bb3 Rd2+ 32.Kh3 Rxb2 33.f5 Kg7 34.fxg6 Kxg6 35.Bf7+ Kg5 36.Be6
Re2 37.Bc4 Rd2 38.Re1 b5 39.Re2 Rd1 40.Be6 c5 41.Kg2 h4 42.gxh4+ Kxh4 43.Kf3 Kg5
44.Ke4 Bg7 45.Rg2+ Kf6 46.Bg8 Rd4+ 47.Kf3 Bh6 48.Bh7 Bg5 49.Rc2 c4 50.Be4 Ke5
51.Re2 Kd6 52.Bc2 Bc1 53.Re8 Kc5 54.Re1 Bd2 55.Re5+ Kb4 56.a3+ Kc3 57.Be4 a6
58.Bb7 Rd6 59.h4 Kb2 60.Ke2 c3 61.Bxa6 Rxa6 62.Rxb5+ Kc1 63.Kd3 Rxa3 64.h5 c2+
65.Ke2 Re3+ 66.Kf2 Kd1 67.Rc5 Rc3

[Event "Staatsliga B - Ost 2002/03"]
[Site "Wien, Austria-Center"]
[Date "2002.11.23"]
[Round "4"]
[Board "6"]
[White "Schirmbeck, Hannes"]
[Black "Wiedner, Robert"]
[Result "1-0"]
[WhiteElo "2144"]
[BlackElo "2241"]
[PlyCount "59"]

1.e4 c5 2.Nf3 e6 3.Be2 a6 4.O-O Qc7 5.d4 cxd4 6.Nxd4 Nf6 7.Nc3 Bb4 8.Qd3 Nc6
9.Nxc6 bxc6 10.Qd4 Qd6 11.Qe3 Bc5 12.Qg5 Qf8 13.e5 Nd5 14.Ne4 Be7 15.Qh5 g6
16.Qf3 f5 17.Nd2 Nb6 18.Qb3 Bd8 19.Nf3 h6 20.Bd2 a5 21.Rad1 a4 22.Qc3 Nd5 23.Qd3
a3 24.c4 Nb4 25.Qb3 c5 26.Nd4 Qg7 27.bxa3 Qxe5 28.Bf3 Rb8 29.Nb5 Nc6 30.Rfe1

[Event "Staatsliga B - Ost 2002/03"]
[Site "Wien, Austria-Center"]
[Date "2002.11.23"]
[Round "4"]
[Board "1"]
[White "Likavsky, Tomas"]
[Black "Balinov, Ilija"]
[Result "1-0"]
[WhiteElo "2465"]
[BlackElo "2444"]
[PlyCount "69"]

1.c4 c5 2.Nf3 Nf6 3.d4 cxd4 4.Nxd4 b6 5.Nc3 Bb7 6.Bg5 d6 7.Bxf6 gxf6 8.e4 Nc6
9.Be2 Rg8 10.O-O Nxd4 11.Qxd4 f5 12.c5 Bg7 13.Qa4+ Kf8 14.c6 Bc8 15.Nd5 Bxb2
16.c7 Qd7 17.Bb5 Qe6 18.Bc6 fxe4 19.Ne3 Bxa1 20.Rxa1 Qe5 21.Rc1 f5 22.Nf1 b5
23.Qc2 d5 24.Bxa8 Kf7 25.Qc5 e6 26.Ne3 f4 27.Nxd5 Qg5 28.g3 e3 29.fxe3 fxg3
30.Rf1+ Kg7 31.Qe7+ Qxe7 32.Nxe7 gxh2+ 33.Kxh2 Re8 34.Nxc8 Rxc8 35.Rc1

[Event "Staatsliga B - Ost 2002/03"]
[Site "Wien, Austria-Center"]
[Date "2002.11.23"]
[Round "4"]
[Board "2"]
[White "Miniboeck, Guenter"]
[Black "Dudas, Jan"]
[Result "1-0"]
[WhiteElo "2335"]
[BlackElo "2341"]
[PlyCount "146"]

1.d4 Nf6 2.c4 e6 3.Nc3 Bb4 4.Qc2 b6 5.e4 Bb7 6.Bd3 c5 7.d5 e5 8.f4 exf4 9.Bxf4
Bxc3+ 10.Qxc3 O-O 11.O-O-O d6 12.Nf3 Re8 13.Rhe1 b5 14.e5 dxe5 15.Nxe5 Nbd7
16.Nc6 Qb6 17.Ne7+ Kh8 18.Nf5 bxc4 19.Bxc4 Qb4 20.Rxe8+ Rxe8 21.Qxb4 cxb4 22.Nd6
Re7 23.Rd4 Ba8 24.Bb3 Nb6 25.Nf5 Re1+ 26.Kd2 Rg1 27.Ne3 h6 28.Bc7 Rb1 29.Kc2 Re1
30.Kd2 Rxe3 31.Kxe3 Nbxd5+ 32.Kf2 Nxc7 33.Rd8+ Kh7 34.Rc8 Nfe8 35.Bxf7 Bb7
36.Rxe8 Nxe8 37.Bxe8 Bd5 38.b3 Kg8 39.g3 Be4 40.Ke3 Bb1 41.Kd4 Bxa2 42.Kc4 a5
43.Ba4 h5 44.Kb5 h4 45.Kxa5 Kf7 46.Kxb4 Kf6 47.Kc3 Bb1 48.Bc6 Ke6 49.b4 Kd6
50.Bf3 Bf5 51.Kd4 Bd7 52.Be4 Bb5 53.Bd5 hxg3 54.hxg3 Bd7 55.Ke4 Bh3 56.Bc4 Bd7
57.Kf4 Bc8 58.Bf7 Bb7 59.Kf5 Ke7 60.Kg6 Kf8 61.Bc4 Be4+ 62.Kg5 Ke7 63.Kf4 Bb7
64.Ke5 Kd7 65.Bb5+ Ke7 66.Bd3 Kd7 67.Bf5+ Ke7 68.Be4 Bc8 69.Bc6 Kd8 70.Kd6 Bg4
71.b5 Kc8 72.Ke7 g5 73.b6 Be2

[Event "Staatsliga B - Ost 2002/03"]
[Site "Wien, Austria-Center"]
[Date "2002.11.23"]
[Round "4"]
[Board "4"]
[White "Eibersberger, Manfred"]
[Black "Plank, Franz"]
[Result "1-0"]
[WhiteElo "2134"]
[BlackElo "2256"]
[PlyCount "143"]

1.g3 d5 2.Bg2 e5 3.c4 d4 4.d3 Bb4+ 5.Bd2 Bxd2+ 6.Nxd2 a5 7.Qb3 Nd7 8.Ngf3 Ngf6
9.Qa3 c5 10.O-O Qc7 11.e3 O-O 12.exd4 exd4 13.Rfe1 Rb8 14.Re7 b6 15.Rae1 Bb7
16.Ne5 Bxg2 17.Kxg2 Qd6 18.Nxd7 Qc6+ 19.Kg1 Nxd7 20.Qb3 Nf6 21.Qd1 b5 22.cxb5
Qxb5 23.Nc4 Nd5 24.Ra7 Ra8 25.Rxa8 Rxa8 26.Qf3 Rd8 27.Re5 Nf6 28.Qf5 Qa4 29.Rxc5
Qxa2 30.Rc8 Rf8 31.Rxf8+ Kxf8 32.Qc5+ Ke8 33.Qe5+ Kf8 34.Qd6+ Ke8 35.Qb8+ Ke7
36.Qc7+ Nd7 37.Qd6+ Ke8 38.Qxd4 g6 39.Qe4+ Kf8 40.Qa8+ Kg7 41.Qxa5 Qb1+ 42.Kg2
Qxd3 43.Qc3+ Qxc3 44.bxc3 Nc5 45.Ne3 Kf6 46.f4 Na4 47.c4 Ke6 48.Kf3 f5 49.Ke2
Kd6 50.Kd3 Kc5 51.Nd1 h6 52.h3 Nb6 53.Nb2 g5 54.fxg5 hxg5 55.h4 f4 56.hxg5 fxg3
57.Ke2 g2 58.Kf2 g1=Q+ 59.Kxg1 Kd6 60.Kf2 Ke5 61.Kg3 Kf5 62.Kh4 Kg6 63.Kg4 Nd7
64.Nd3 Kf7 65.Kf5 Nb6 66.Ne5+ Kg7 67.g6 Na8 68.c5 Nc7 69.c6 Nb5 70.Ke6 Nd4+
71.Kd7 Nb5 72.c7

[Event "Staatsliga B - Ost 2002/03"]
[Site "Wien, Austria-Center"]
[Date "2002.11.23"]
[Round "4"]
[Board "5"]
[White "Todor, Razvan"]
[Black "Sulyok, Michael"]
[Result "1/2-1/2"]
[WhiteElo "2202"]
[BlackElo "2222"]
[PlyCount "31"]

1.c4 c5 2.Nf3 g6 3.d4 cxd4 4.Nxd4 Bg7 5.Nc3 Nc6 6.e3 Nf6 7.Be2 O-O 8.O-O d6 9.b3
a6 10.Bb2 Bd7 11.Bf3 Rb8 12.Rc1 Nxd4 13.exd4 b5 14.Qe2 bxc4 15.Qxc4 Qa5 16.Ba1

[Event "Staatsliga B - Ost 2002/03"]
[Site "Wien, Austria-Center"]
[Date "2002.11.23"]
[Round "4"]
[Board "6"]
[White "Herndlbauer, Martin"]
[Black "Allacher, Erwin"]
[Result "1/2-1/2"]
[WhiteElo "2162"]
[BlackElo "2214"]
[PlyCount "110"]

1.e4 c5 2.Nc3 Nc6 3.g3 g6 4.Bg2 Bg7 5.d3 e6 6.Be3 d6 7.Qd2 Rb8 8.f4 Nge7 9.Nf3
Nd4 10.O-O Nec6 11.Nh4 f5 12.Rae1 O-O 13.Nd1 Bf6 14.c3 Nb5 15.Nf3 b6 16.Bf2 Nc7
17.Re2 Ba6 18.Rfe1 Qd7 19.Qc2 Rbe8 20.Rd2 Bb7 21.Ne3 Qg7 22.Nc4 Be7 23.Rde2 fxe4
24.dxe4 Ba6 25.Nfd2 b5 26.e5 bxc4 27.Bxc6 Rd8 28.exd6 Rxd6 29.Qe4 Rfd8 30.Nf3
Rd1 31.Ba4 Rxe1+ 32.Rxe1 Qf6 33.Qc6 Rc8 34.Ng5 e5 35.Qxf6 Bxf6 36.Ne4 Be7
37.fxe5 Bb7 38.Nd6 Rb8 39.Re2 Bf3 40.Rd2 Ne6 41.Bd7 Nf8 42.Bh3 Bg5 43.Nxc4 Bxd2
44.Nxd2 Bd5 45.c4 Be6 46.Bxe6+ Nxe6 47.b3 a5 48.Kg2 a4 49.Kf3 axb3 50.axb3 Kf7
51.Be3 Rd8 52.Ke4 Ke7 53.Nf3 Rb8 54.Nd2 Rd8 55.Nf3 Rb8

[Event "Staatsliga B - Ost 2002/03"]
[Site "Wien, Austria-Center"]
[Date "2002.11.23"]
[Round "4"]
[Board "1"]
[White "Palkovi, Jozsef"]
[Black "Pingitzer, Harald"]
[Result "0-1"]
[WhiteElo "2398"]
[BlackElo "2372"]
[PlyCount "80"]

1.e4 c6 2.d4 d5 3.Nc3 dxe4 4.Nxe4 Bf5 5.Nc5 Qc7 6.Bd3 Bxd3 7.Nxd3 e6 8.Nf3 Nd7
9.O-O Ngf6 10.c4 b6 11.b4 a5 12.bxa5 Rxa5 13.Bd2 Ra3 14.Qe2 Be7 15.Nf4 Bd6 16.g3
O-O 17.Rfe1 Qa7 18.Bc1 Ra4 19.Ne5 c5 20.Nxd7 Nxd7 21.Nxe6 Re8 22.Qg4 Bf8 23.Bg5
h5 24.Qh3 Rxa2 25.Rad1 fxe6 26.Rxe6 Ra1 27.Rxe8 Rxd1+ 28.Kg2 Nf6 29.Bxf6 gxf6
30.d5 Qf7 31.Qc8 b5 32.cxb5 Qxd5+ 33.f3 Qd2+ 34.Kh3 Qd7+ 35.Qxd7 Rxd7 36.Kh4 Rb7
37.Kxh5 Kf7 38.Rc8 Rxb5 39.Rc7+ Be7 40.h4 c4+

[Event "Staatsliga B - Ost 2002/03"]
[Site "Wien, Austria-Center"]
[Date "2002.11.23"]
[Round "4"]
[Board "2"]
[White "Kummer, Helmut"]
[Black "Rumpl, Erwin"]
[Result "1-0"]
[WhiteElo "2341"]
[BlackElo "2245"]
[PlyCount "95"]

1.d4 f5 2.g3 Nf6 3.Bg2 g6 4.Nf3 Bg7 5.c4 O-O 6.O-O d6 7.Nc3 Nc6 8.d5 Na5 9.Nd2
c5 10.Qc2 e5 11.dxe6 Bxe6 12.Nd5 Nc6 13.Nb1 Bxd5 14.cxd5 Ne5 15.Nc3 Qd7 16.a4 b6
17.Bd2 a6 18.Rfb1 Ra7 19.b4 Rc7 20.bxc5 bxc5 21.Rb6 Ra8 22.Qb3 Qe7 23.Rb1 Raa7
24.Rb8+ Bf8 25.a5 Nfd7 26.Rb6 Nf6 27.Qa4 Ra8 28.h3 Nfd7 29.f4 Nf7 30.Rb7 Nf6
31.Rxc7 Qxc7 32.Qc6 Qd8 33.Rb7 Bg7 34.Kh2 h6 35.Bf3 g5 36.Rb6 g4 37.hxg4 fxg4
38.Bg2 h5 39.Rxa6 Rxa6 40.Qxa6 h4 41.Ne4 Nh5 42.Be1 hxg3+ 43.Bxg3 Nxg3 44.Kxg3
Nh6 45.Ng5 Bf6 46.Qd3 Bxg5 47.Qg6+ Kf8 48.Qxg5

[Event "Staatsliga B - Ost 2002/03"]
[Site "Wien, Austria-Center"]
[Date "2002.11.23"]
[Round "4"]
[Board "3"]
[White "Gugler, Edgar"]
[Black "Schneider-Zinner, Harald"]
[Result "1-0"]
[WhiteElo "2225"]
[BlackElo "2353"]
[PlyCount "83"]

1.d4 e6 2.Nf3 Nf6 3.e3 g6 4.Bd3 Bg7 5.O-O O-O 6.e4 d6 7.Re1 Nc6 8.h3 e5 9.dxe5
dxe5 10.Be3 b6 11.Nc3 Bb7 12.a3 Qe7 13.Bg5 Qe6 14.Qe2 Nd4 15.Nxd4 exd4 16.Bc4
Qe5 17.f4 Qc5 18.b4 d3+ 19.bxc5 dxe2 20.e5 Nd7 21.Rxe2 h6 22.Rd1 Nxe5 23.fxe5
hxg5 24.Rd7 bxc5 25.Rxc7 Bc8 26.Nb5 Ba6 27.a4 Rae8 28.Rxa7 Bxb5 29.axb5 Rxe5
30.Rxe5 Bxe5 31.b6 Bg3 32.Kf1 Kg7 33.Ke2 Kf6 34.Kf3 Be5 35.Rd7 Bb8 36.b7 Ke5
37.Bxf7 Bd6 38.Ke3 Bb8 39.Bxg6 Ke6 40.Rh7 Kd6 41.Be4 Rf1 42.Rh8

[Event "Staatsliga B - Ost 2002/03"]
[Site "Wien, Austria-Center"]
[Date "2002.11.23"]
[Round "4"]
[Board "4"]
[White "Hansen, Kay"]
[Black "Wadsack, Wolfgang"]
[Result "0-1"]
[WhiteElo "2265"]
[BlackElo "2162"]
[PlyCount "88"]

1.d4 d5 2.c4 dxc4 3.Nc3 e5 4.d5 Bd6 5.e4 f5 6.Nf3 Nf6 7.Bg5 O-O 8.Bxc4 h6 9.Bxf6
Qxf6 10.Qe2 Nd7 11.Nd2 a6 12.a3 b5 13.Ba2 Nc5 14.f3 f4 15.O-O-O Bd7 16.g4 Rfb8
17.b4 Na4 18.Nxa4 bxa4 19.Nc4 a5 20.bxa5 Bb5 21.Rd3 Qf8 22.Qc2 Bxc4 23.Qxc4 Rxa5
24.Kd1 Rb2 25.Rd2 Qb8 26.Qd3 Rab5 27.Bc4 Rc5 28.Rc2 Qb6 29.Re1 Rb1+ 30.Ke2 Rb2
31.Rec1 Rxc4 32.Qxc4 Qe3+ 33.Kd1 Qxf3+ 34.Qe2 Qb3 35.Qc4 Qxa3 36.Rxb2 Qxb2
37.Qxa4 Qxh2 38.Qb3 Qh1+ 39.Kd2 Qxe4 40.Re1 Qg2+ 41.Re2 Qxg4 42.Qc4 Qf5 43.Qa4
f3 44.Qe4 Qg5+

[Event "Staatsliga B - Ost 2002/03"]
[Site "Wien, Austria-Center"]
[Date "2002.11.23"]
[Round "4"]
[Board "5"]
[White "Bachmayer, Josef"]
[Black "Holzer, Gerhard"]
[Result "0-1"]
[WhiteElo "2162"]
[BlackElo "2236"]
[PlyCount "56"]

1.d4 Nf6 2.Nc3 e6 3.e4 c5 4.dxc5 Bxc5 5.e5 Qb6 6.Nh3 Nd5 7.Nxd5 exd5 8.Qxd5 d6
9.Bd3 Nc6 10.exd6 Bxh3 11.gxh3 O-O 12.O-O Nb4 13.Qe4 Nxd3 14.Qxd3 Bxd6 15.Be3
Qc7 16.Rfd1 Bxh2+ 17.Kg2 Be5 18.c3 Rad8 19.Qb5 a6 20.Qc5 Qb8 21.a4 Rde8 22.Rd7
Bf4 23.Rad1 Bxe3 24.fxe3 Re6 25.R1d6 Qe8 26.Kf2 Rxd6 27.Qxd6 Qe4 28.Rd8 Qh4+

[Event "Staatsliga B - Ost 2002/03"]
[Site "Wien, Austria-Center"]
[Date "2002.11.23"]
[Round "4"]
[Board "1"]
[White "Banas, Jan"]
[Black "Jansa, Vlastimil"]
[Result "1/2-1/2"]
[WhiteElo "2365"]
[BlackElo "2504"]
[PlyCount "113"]

1.c4 g6 2.e4 e5 3.Nf3 Bg7 4.d4 exd4 5.Nxd4 Nf6 6.Nc3 O-O 7.Bd3 Nc6 8.Nxc6 bxc6
9.O-O d6 10.Qc2 Ng4 11.Be2 Qh4 12.Bxg4 Bxg4 13.Be3 Be6 14.b3 f5 15.exf5 Rxf5
16.f4 Rh5 17.g3 Qh3 18.Rf2 Bf5 19.Qd2 Be4 20.Nxe4 Bxa1 21.Bd4 Bxd4 22.Qxd4 Rf5
23.Ng5 Rxg5 24.fxg5 Re8 25.Qd2 Qe6 26.Qf4 Qe1+ 27.Kg2 Qe4+ 28.Kg1 Qxf4 29.gxf4
c5 30.Kg2 a5 31.Kf3 Kf7 32.h4 Re1 33.Rh2 Rf1+ 34.Ke4 Ke6 35.h5 Re1+ 36.Kf3 Rf1+
37.Ke3 c6 38.hxg6 hxg6 39.Rh7 d5 40.Rg7 Kf5 41.Rf7+ Kg4 42.Rf6 d4+ 43.Ke2 Rxf4
44.Rxg6 Rf5 45.Rxc6 Rxg5 46.Kd3 Kf4 47.Rf6+ Ke5 48.Rc6 Rg3+ 49.Kd2 a4 50.bxa4
Ra3 51.Rxc5+ Ke4 52.Kc2 d3+ 53.Kb2 d2 54.Kc2 Rxa2+ 55.Kd1 Kd3 56.Rd5+ Ke3
57.Re5+

[Event "Staatsliga B - Ost 2002/03"]
[Site "Wien, Austria-Center"]
[Date "2002.11.23"]
[Round "4"]
[Board "2"]
[White "Staudner, Oliver"]
[Black "Wallner, Joachim"]
[Result "1-0"]
[WhiteElo "2360"]
[BlackElo "2297"]
[PlyCount "57"]

1.e4 c5 2.Nf3 e6 3.c3 Nf6 4.e5 Nd5 5.d4 cxd4 6.cxd4 b6 7.Nc3 Nxc3 8.bxc3 Qc7
9.Bd2 Bb7 10.Bd3 d6 11.O-O Nd7 12.Ng5 dxe5 13.Qh5 g6 14.Qh3 Be7 15.Rae1 Bd5
16.a4 Bc4 17.Qf3 O-O 18.Nxf7 exd4 19.cxd4 Bd5 20.Nh6+ Kg7 21.Qxd5 exd5 22.Rxe7+
Kh8 23.Rfe1 Qd6 24.Bg5 Nf6 25.Nf7+ Rxf7 26.Rxf7 Ne4 27.Bxe4 Re8 28.Rc1 Qe6
29.Rcc7

[Event "Staatsliga B - Ost 2002/03"]
[Site "Wien, Austria-Center"]
[Date "2002.11.23"]
[Round "4"]
[Board "3"]
[White "Brustkern, Juergen"]
[Black "Beckhuis, Gernod"]
[Result "1-0"]
[WhiteElo "2331"]
[BlackElo "2283"]
[PlyCount "59"]

1.b3 e5 2.Bb2 Nc6 3.c4 Nf6 4.e3 Bd6 5.a3 O-O 6.d3 b6 7.g3 Bb7 8.Bg2 Re8 9.Ne2 e4
10.Bxf6 Qxf6 11.d4 Ne7 12.Nd2 Nf5 13.O-O Re7 14.b4 c5 15.bxc5 Bc7 16.d5 bxc5
17.Nxe4 Qh6 18.Qd3 Rae8 19.Nxc5 Bc8 20.Qxf5 d6 21.Qf4 Qxf4 22.Nxf4 dxc5 23.Nd3
Bd6 24.e4 Ba6 25.Rac1 Rb8 26.e5 Bxe5 27.Nxc5 Bc8 28.Nd3 Bd4 29.Rb1 Ra8 30.d6

[Event "Staatsliga B - Ost 2002/03"]
[Site "Wien, Austria-Center"]
[Date "2002.11.23"]
[Round "4"]
[Board "4"]
[White "Bukacek, Emil"]
[Black "Fusi, Christoph"]
[Result "1/2-1/2"]
[WhiteElo "2268"]
[BlackElo "2297"]
[PlyCount "81"]

1.e4 c6 2.d4 d5 3.f3 e6 4.Be3 dxe4 5.Nd2 Nf6 6.fxe4 e5 7.dxe5 Ng4 8.Qf3 Qa5 9.c3
Nxe3 10.Qxe3 Qxe5 11.Ngf3 Qh5 12.Bc4 Nd7 13.Rf1 Be7 14.g4 Qc5 15.Qe2 b5 16.b4
Qb6 17.Bb3 c5 18.e5 c4 19.Bc2 Nf8 20.Ne4 Ne6 21.O-O-O Bb7 22.Nd6+ Bxd6 23.Rxd6
Qc7 24.Qd2 Qe7 25.Nd4 Nxd4 26.Qxd4 O-O 27.Rd7 Qg5+ 28.Qf4 Qxf4+ 29.Rxf4 Bc6
30.Rd6 Rac8 31.Bf5 Rc7 32.e6 Be8 33.g5 Re7 34.exf7+ Rfxf7 35.Be6 Rxe6 36.Rxe6
Rxf4 37.Rxe8+ Kf7 38.Ra8 Rf1+ 39.Kb2 Rf2+ 40.Kb1 Rf1+ 41.Kb2

[Event "Staatsliga B - Ost 2002/03"]
[Site "Wien, Austria-Center"]
[Date "2002.11.23"]
[Round "4"]
[Board "5"]
[White "Zetthofer, Gerald"]
[Black "Schumi, Manfred"]
[Result "0-1"]
[WhiteElo "2258"]
[BlackElo "2217"]
[PlyCount "66"]

1.c4 g6 2.Nc3 Bg7 3.d4 Nf6 4.e4 d6 5.Be2 O-O 6.Nf3 e5 7.O-O Na6 8.a3 c6 9.b4
exd4 10.Nxd4 Re8 11.Bf3 Nc7 12.Ra2 c5 13.Nb3 Nd7 14.Bb2 Ne5 15.Be2 Be6 16.Nd5
Bxd5 17.exd5 h6 18.f4 Nd7 19.Bxg7 Kxg7 20.Bd3 f5 21.g4 fxg4 22.Qxg4 Re3 23.Rd2
Nf6 24.Qg2 Kh8 25.f5 gxf5 26.Rxf5 Qe7 27.h4 Re1+ 28.Kh2 Ne4 29.Bxe4 Rxe4 30.Qg5
Rxh4+ 31.Kg3 Qxg5+ 32.Rxg5 Rxc4 33.Kh2 Rg8

[Event "Staatsliga B - Ost 2002/03"]
[Site "Wien, Austria-Center"]
[Date "2002.11.23"]
[Round "4"]
[Board "6"]
[White "Steiner, Johann"]
[Black "Chulis, Alexander"]
[Result "1-0"]
[WhiteElo "2070"]
[BlackElo "2192"]
[PlyCount "51"]

1.e4 e5 2.Nf3 Nc6 3.d4 exd4 4.Bc4 Bc5 5.c3 Nf6 6.O-O dxc3 7.Nxc3 d6 8.Bg5 h6
9.Bh4 Be6 10.Bxe6 fxe6 11.e5 Nxe5 12.Nxe5 dxe5 13.Qb3 Qc8 14.Bxf6 gxf6 15.Qb5+
Qd7 16.Qxc5 Qe7 17.Qe3 Qb4 18.Qd3 Kf7 19.Rad1 Rad8 20.Qh3 Rd4 21.Qh5+ Kg7 22.Ne2
Rd2 23.Rxd2 Qxd2 24.Nc3 Qd6 25.Rd1 Qc6 26.Rd3

[Event "Staatsliga B - Ost 2002/03"]
[Site "Wien, Austria-Center"]
[Date "2002.11.23"]
[Round "4"]
[Board "6"]
[White "Froschauer, Hans"]
[Black "Mayr, Thomas"]
[Result "1/2-1/2"]
[WhiteElo "2123"]
[BlackElo "2086"]
[PlyCount "32"]

1.e4 e5 2.Nf3 Nc6 3.Bb5 f5 4.d4 fxe4 5.Nxe5 Nxe5 6.dxe5 c6 7.Be2 Qa5+ 8.Bd2 Qxe5
9.Bc3 Qg5 10.Bh5+ Kd8 11.g3 Nf6 12.Be2 d5 13.Bd4 Be6 14.Nd2 Kc7 15.f4 Qf5 16.Nf1
Bf7

[Event "Staatsliga B - Ost 2002/03"]
[Site "Wien, Austria-Center"]
[Date "2002.11.23"]
[Round "4"]
[Board "1"]
[White "Danner, Georg"]
[Black "Rotstein, Arkadij"]
[Result "0-1"]
[WhiteElo "2377"]
[BlackElo "2544"]
[PlyCount "20"]

{weitere 65 Zuege}  1.d4 d5 2.Nf3 c6 3.c4 e6 4.e3 f5 5.Bd3 Nf6 6.O-O Bd6 7.b3
Qe7 8.Bb2 O-O 9.Qc1 Ne4 10.Na3 Nd7

[Event "Staatsliga B - Ost 2002/03"]
[Site "Wien, Austria-Center"]
[Date "2002.11.23"]
[Round "4"]
[Board "2"]
[White "Wukits, Rene"]
[Black "Brod, Manfred"]
[Result "1/2-1/2"]
[WhiteElo "2296"]
[BlackElo "2237"]
[PlyCount "34"]

1.d4 d5 2.c4 dxc4 3.Nf3 Nf6 4.e3 e6 5.Bxc4 c5 6.O-O a6 7.Bd3 Nc6 8.a3 Qc7 9.Nbd2
cxd4 10.exd4 Be7 11.Nc4 b5 12.Nce5 Nxd4 13.Re1 Nxf3+ 14.Qxf3 Bb7 15.Qh3 Bd5
16.Bf4 Qb7 17.Re3 Ne4

[Event "Staatsliga B - Ost 2002/03"]
[Site "Wien, Austria-Center"]
[Date "2002.11.23"]
[Round "4"]
[Board "3"]
[White "Salamon, Werner"]
[Black "Schwaninger, Wolfgang"]
[Result "0-1"]
[WhiteElo "2187"]
[BlackElo "2188"]
[PlyCount "82"]

1.e4 d6 2.d4 Nf6 3.Nc3 g6 4.Bc4 c6 5.Qe2 Bg7 6.e5 dxe5 7.dxe5 Nd5 8.Bd2 Nxc3
9.Bxc3 O-O 10.Bb3 a5 11.a4 Na6 12.Qe3 b6 13.Ne2 Bb7 14.Rd1 Qc8 15.Qxb6 c5 16.Bd5
Bxd5 17.Rxd5 Qg4 18.Ng3 Rfb8 19.Qc6 Nb4 20.Bxb4 Qxb4+ 21.c3 Qxb2 22.O-O Rc8
23.Qd7 e6 24.Rd3 Bxe5 25.Qe7 c4 26.Rd7 Rf8 27.Ne4 Bxc3 28.Rb7 Bb4 29.Qh4 h5
30.Qf4 Kg7 31.Nc5 Rae8 32.Nd7 Re7 33.Qxc4 Rd8 34.Nc5 Rxb7 35.Nxb7 Rd2 36.Qb5 Rd5
37.Qe8 Qd4 38.g3 Rf5 39.Qc8 Rd5 40.Nxa5 Bxa5 41.Rc1 Bb6

[Event "Staatsliga B - Ost 2002/03"]
[Site "Wien, Austria-Center"]
[Date "2002.11.23"]
[Round "4"]
[Board "4"]
[White "Wallner, Alfred"]
[Black "Strodl, Joachim"]
[Result "1-0"]
[WhiteElo "2242"]
[BlackElo "2070"]
[PlyCount "73"]

1.e4 g6 2.d4 Bg7 3.Nc3 d6 4.Be3 c6 5.Qd2 Nd7 6.Nf3 Qa5 7.Bc4 Ngf6 8.O-O O-O 9.h3
d5 10.exd5 Nb6 11.Bb3 Kh8 12.dxc6 bxc6 13.Ne5 e6 14.Nxc6 Qh5 15.Ne5 Ba6 16.Rfd1
Bb7 17.Kh2 h6 18.Qe2 Qxe2 19.Nxe2 Nfd5 20.Bd2 Rac8 21.Nf4 Kh7 22.Nxd5 exd5
23.Bb4 Bxe5+ 24.dxe5 Rfe8 25.Re1 Nc4 26.Bc3 Re6 27.f4 Rc7 28.Rad1 a5 29.Ba4 Ba8
30.g4 Nb6 31.Bb5 Nc4 32.Re2 f5 33.a4 Bb7 34.b3 Na3 35.Bxa5 Rf7 36.gxf5 Rxf5
37.Bd7

[Event "Staatsliga B - Ost 2002/03"]
[Site "Wien, Austria-Center"]
[Date "2002.11.23"]
[Round "4"]
[Board "5"]
[White "Knessl, Friderich"]
[Black "Kleiser, Gregor"]
[Result "1-0"]
[WhiteElo "2058"]
[BlackElo "2201"]
[PlyCount "113"]

1.e4 c5 2.Nf3 Nc6 3.d4 cxd4 4.Nxd4 Nf6 5.Nc3 e5 6.Ndb5 d6 7.Bg5 a6 8.Na3 b5
9.Nd5 Be7 10.Nxe7 Nxe7 11.Bxf6 gxf6 12.Qf3 f5 13.exf5 Bxf5 14.Bd3 Bxd3 15.Qxd3
d5 16.c3 Qd6 17.O-O Qg6 18.Qe2 Rg8 19.g3 e4 20.Nc2 f5 21.Qe3 Qg5 22.f4 Qg6 23.a4
Kf7 24.Rfd1 h5 25.axb5 axb5 26.Rxa8 Rxa8 27.Nb4 Qg4 28.Re1 h4 29.Kg2 hxg3
30.hxg3 Rh8 31.Rg1 Rh3 32.Kf2 Rh2+ 33.Rg2 Qh3 34.Rxh2 Qxh2+ 35.Ke1 Qxb2 36.Qc5
Qg2 37.Qf2 Qxf2+ 38.Kxf2 Ke6 39.Nc2 Nc6 40.g4 fxg4 41.Kg3 d4 42.cxd4 b4 43.f5+
Kd5 44.f6 b3 45.Ne3+ Kxd4 46.f7 b2 47.Nc2+ Kc3 48.Na3 Kb3 49.f8=Q Nb4 50.Nb1 Kc2
51.Qxb4 Kxb1 52.Qxe4+ Kc1 53.Qc4+ Kd2 54.Qb3 Kc1 55.Qc3+ Kb1 56.Kxg4 Ka2 57.Qd2

[Event "Staatsliga B - Ost 2002/03"]
[Site "Wien, Austria-Center"]
[Date "2002.11.24"]
[Round "5"]
[Board "1"]
[White "Jansa, Vlastimil"]
[Black "Volkmann, Friedrich"]
[Result "1/2-1/2"]
[WhiteElo "2504"]
[BlackElo "2434"]
[PlyCount "88"]

1.e4 e5 2.Nf3 Nf6 3.Nxe5 d6 4.Nc4 Nxe4 5.d4 d5 6.Ne3 Qf6 7.Qe2 Be6 8.c3 c5 9.c4
cxd4 10.Nxd5 Bxd5 11.cxd5 Bb4+ 12.Bd2 Qe7 13.Bxb4 Qxb4+ 14.Nd2 Qxd2+ 15.Qxd2
Nxd2 16.Kxd2 Ke7 17.Kd3 Rd8 18.Re1+ Kf8 19.Rc1 Rxd5 20.Rc8+ Ke7 21.g3 Rd8
22.Rxd8 Kxd8 23.Bg2 Nc6 24.Rc1 Kd7 25.Bxc6+ bxc6 26.Rc4 Kc7 27.Rxd4 Rb8 28.b3
Re8 29.Rf4 Re7 30.h4 Kd6 31.h5 h6 32.Rd4+ Kc7 33.Rg4 f6 34.Re4 Rd7+ 35.Ke3 a5
36.f3 Rd5 37.g4 Rg5 38.Kf4 Kd6 39.Re8 Kc5 40.Re6 Kb5 41.Re4 Kc5 42.Re7 Kb4
43.Re4+ Ka3 44.Ra4+ Kb2

[Event "Staatsliga B - Ost 2002/03"]
[Site "Wien, Austria-Center"]
[Date "2002.11.24"]
[Round "5"]
[Board "2"]
[White "Lukacs, Peter"]
[Black "Staudner, Oliver"]
[Result "1/2-1/2"]
[WhiteElo "2420"]
[BlackElo "2360"]
[PlyCount "42"]

1.d4 d5 2.c4 Nc6 3.Nc3 dxc4 4.Nf3 Nf6 5.e3 e5 6.d5 Ne7 7.Bxc4 Ng6 8.Bb5+ Bd7
9.Qb3 Rb8 10.O-O Bd6 11.Bxd7+ Qxd7 12.Nd2 O-O 13.Nde4 Nxe4 14.Nxe4 f5 15.Ng5 Rf6
16.g3 h6 17.Ne6 c6 18.e4 cxd5 19.exd5 Nf8 20.Nxf8 Rfxf8 21.Be3 a6

[Event "Staatsliga B - Ost 2002/03"]
[Site "Wien, Austria-Center"]
[Date "2002.11.24"]
[Round "5"]
[Board "3"]
[White "Beckhuis, Gernod"]
[Black "Neulinger, Manfred"]
[Result "1/2-1/2"]
[WhiteElo "2283"]
[BlackElo "2384"]
[PlyCount "55"]

1.Nf3 Nf6 2.c4 e6 3.Nc3 Bb4 4.Qc2 b6 5.g3 Bb7 6.Bg2 O-O 7.O-O h6 8.a3 Bxc3
9.Qxc3 d6 10.b4 Nbd7 11.Bb2 e5 12.d3 Qe7 13.e4 Nh5 14.Nh4 Rae8 15.Nf5 Qf6 16.a4
Kh7 17.Bc1 g5 18.a5 Qd8 19.Be3 Ng7 20.Nxg7 Kxg7 21.c5 bxc5 22.bxc5 Nxc5 23.Bxc5
dxc5 24.a6 Bc8 25.Qxc5 Qd4 26.Qxd4 exd4 27.Rfc1 Re6 28.Bh3

[Event "Staatsliga B - Ost 2002/03"]
[Site "Wien, Austria-Center"]
[Date "2002.11.24"]
[Round "5"]
[Board "4"]
[White "Schroll, Gerhard"]
[Black "Bukacek, Emil"]
[Result "1-0"]
[WhiteElo "2381"]
[BlackElo "2268"]
[PlyCount "101"]

1.d4 Nf6 2.c4 e5 3.dxe5 Ng4 4.Bf4 g5 5.Bg3 Bg7 6.Nf3 Nc6 7.Nc3 Ngxe5 8.Nxe5 Nxe5
9.e3 d6 10.h4 g4 11.Be2 h5 12.Qb3 O-O 13.Bxe5 Bxe5 14.g3 Re8 15.Nd5 Bf5 16.Bd3
Bxd3 17.Qxd3 c6 18.Nf4 Bxf4 19.gxf4 Qf6 20.O-O-O Rad8 21.Qc3 Qxc3+ 22.bxc3 f5
23.Rd4 Kf7 24.Kd2 Rg8 25.Rg1 Rg6 26.Ke2 Ke7 27.Rb1 Rb8 28.c5 dxc5 29.Ra4 Kd6
30.Rxa7 Kc7 31.Kd3 g3 32.fxg3 Rxg3 33.a4 c4+ 34.Kd4 c5+ 35.Kxc5 Rxe3 36.a5 Re6
37.Kxc4 Re4+ 38.Kc5 Rxf4 39.a6 Ra4 40.Raxb7+ Rxb7 41.Rxb7+ Kc8 42.Kb5 Ra1 43.Rh7
Rb1+ 44.Kc6 Kb8 45.Rxh5 Rh1 46.Kd5 Ka7 47.Ke5 Kxa6 48.Kxf5 Rc1 49.Kg6 Kb6 50.Rf5
Rxc3 51.h5